000 00310nam a22001457a 4500
008 210521b ||||| |||| 00| 0 eng d
020 _a9780321049315
041 _aeng
080 _26th
_a159.9
082 _a159.9
100 _a48
101 _aPSI
245 _aPsychology
_cCarole Wade
942 _2udc
_cBK
999 _c57593
_d57593